Ham hoa dien truyen : Tuong hat boi. Do Nhat-Tan phien am va chu giai.

Saved in:
Bibliographic Details
Format: Book
Language:Vietnamese
Published: Saigon : Phu Quoc-Vu-Khanh Dac Trach Van-Hoa, 1971.
Series:Tủ sách cổ văn
Subjects:
LEADER 00873nam a22002291 4500
001 c000201461
003 CARM
005 20021125001900.0
008 851113s1971 vs 0 vie d
019 1 |a 4120564  |5 LACONCORD2021 
035 |a (OCoLC)218515912  |5 LACONCORD2021 
245 0 0 |a Ham hoa dien truyen :  |b Tuong hat boi. Do Nhat-Tan phien am va chu giai. 
260 |a Saigon :  |b Phu Quoc-Vu-Khanh Dac Trach Van-Hoa,  |c 1971. 
300 |a v.1. 
440 0 |a Tủ sách cổ văn 
500 |a Text in Vietnamese and Chinese. 
505 0 |a Tap 1, Hoi thu nhat. 
650 0 |a Vietnamese publications (Form Entry). 
852 8 |b CARM  |h A2:AK30G0  |i C08073  |p 0284330  |f BK 
082 0 4 |a 895.92222 
999 f f |i 7b47085e-dc8e-543d-a15a-f373fe5dfd9d  |s f18f317b-9f27-5e1d-97b6-876490c898e6 
952 f f |p Can circulate  |a CAVAL  |b CAVAL  |c CAVAL  |d CARM 1 Store  |e C08073  |f A2:AK30G0  |h Other scheme  |i book  |m 0284330